| 000 | 00561nam a22002057a 4500 | ||
|---|---|---|---|
| 001 | 00028841 | ||
| 005 | 20260423135451.0 | ||
| 008 | 260423b ag ||||| |||| 00| 0 spa d | ||
| 020 | _a9501517306 | ||
| 040 |
_aAR-CcCEOS _bspa _cAR-CcCEOS |
||
| 041 | _aspa | ||
| 080 | _a982 | ||
| 090 | _bBER | ||
| 100 |
_aSimone Betiere _91096 |
||
| 245 |
_aLas reinas de Francia : _bEn tiempos de los Valois / _cSimone Betiere |
||
| 264 |
_aBuenos Aires : _bFallois, _cc1994. |
||
| 300 |
_a333 p. ; _c24x15 cm. |
||
| 650 | 0 |
_ahistoria _990 _zFrancia |
|
| 942 |
_2udc _cBK _n0 |
||
| 999 |
_c28882 _d28882 |
||